Top 15 most streamed Pop Smoke songs - Statistics

General Stats
  • This quiz has been taken 179 times
    52 since last reset
  • The average score is 8 of 15
Answer Stats
Rank Streams Songs % Correct
3. 1,206,481,341 Dior
100%
2. 1,215,607,325 For The Night
78%
8. 590,131,101 Element
72%
4. 895,256,814 Mood Swings
69%
1. 1,280,748,486 What You Know Bout Love
69%
7. 607,723,492 The Woo
66%
11. 293,497,595 Welcome To The Party
59%
6. 626,314,275 Invincible
56%
5. 639,336,796 Hello
50%
10. 389,461,749 Get Back
44%
15. 205,873,825 Shake The Room
38%
13. 246,968,153 Something Special
38%
9. 561,061,067 Got It On Me
31%
14. 221,648,816 Enjoy Yourself
19%
12. 267,986,710 Gangstas
19%
No matching quizzes found
Score Distribution
Percent of People with Each Score
Percentile by Number Answered
Your Score History
You have not taken this quiz since the last reset